000 00285nam a2200109Ia 4500
008 171211s9999 xx 000 0 und d
245 _aHTML5 Media
245 _cShelley Powers
260 _c2011
650 _xWeb Development
856 _uhttp://down.ebook777.com/016/HTML5%20Media.pdf
999 _c350057
_d350057